Marketing personal: gestión de la carrera profesional

Gardado en:
Detalles Bibliográficos
Autor Principal: Acosta Vera, José María (Author)
Formato: Libro
Idioma:Lingua castelá
Publicado: Madrid ESIC 1999
Edición:1a. ed
Subjects:
Tags: Engadir etiqueta
Sen Etiquetas, Sexa o primeiro en etiquetar este rexistro!

MARC

LEADER 00000cam a2200000 a 4500
001 UCD6843
003 CL-VaPUC
008 170226e19990000sp |||||||||||||||||spa|d
020 |a 8473562119 
082 0 4 |a 658.8  |b ACO  |2 21 
100 0 |a Acosta Vera, José María  |e author  |9 590685 
245 1 0 |a Marketing personal: gestión de la carrera profesional 
250 |a 1a. ed 
300 |a 181 p 
942 |c BK 
945 |d 20170226 00:48:00  |a dcastane 
260 |a Madrid  |b ESIC  |c 1999 
650 0 |a Marketing  |9 259324 
650 7 |a PROMOCION  |2 CL-VaPUC  |9 356147 
650 0 |a Planificación estratégica   |9 259735 
583 |a last modification  |c 20170226 00:48:00  |k Rodrigo Vera 
999 |c 367020  |d 367018 
952 |0 0  |1 0  |3 erb  |4 0  |6 658_800000000000000_ACO_1999  |7 0  |8 A  |9 481700  |a BIBENE  |b BIBENE  |i 5328101  |o 658.8 ACO 1999  |p 5328101  |r 2025-01-15  |w 2019-11-24  |y BK  |z Catalogado en:20170226  |k ICO